| 000 | 00562nam a22001457a 4500 | ||
|---|---|---|---|
| 008 | 140131b xxu||||| |||| 00| 0 eng d | ||
| 050 | _aLC368.S121 | ||
| 100 |
_aSacks, Jonathan Rabbi _97620 |
||
| 245 |
_aEducation, values and religion _bthe victor cook memorial lectures / _cRabbi Jonathan Sacks and Sir Stewart Sutherland |
||
| 260 |
_aSt Andrews _bCentre for Philosophy and Public Affairs, University of St Andrews _c1996 |
||
| 300 |
_a50p. _c22cm. |
||
| 650 |
_aEducation and Religion _97621 |
||
| 700 |
_aSutherland, Stewart _97622 |
||
| 942 |
_2lcc _cMONOGRAPH |
||
| 999 |
_c119854 _d119854 |
||